000 00785nam a22002295a 4500
005 20240818093029.0
008 171225s1977 enka frb 000 0 eng d
040 _aEG-ScBUE
_beng
_cEG-ScBUE
_dEG-ScBUE
082 0 4 _222
_a526
_bCON
110 2 _aInstitute of British Geographers.
245 1 0 _aContemporary cartography /
_cInstitute of British Geographers.
260 _aLondon :
_bInstitute of British Geographers,
_c1977.
300 _a124 p. :
_bill. ;
_c24 cm.
490 0 _aTransactions new series,
_vv.2 : n.1.
504 _aIncludes bibliographical references.
650 7 _2BUEsh
_aCartography.
653 _bGGEN
_cDecember2017
942 _2ddc
_hRDA-MOD
999 _c25792
_d25764
336 _2rdacontent
_atext
_btxt
337 _aunmediated
_2rdamedia
_bn
338 _avolume
_bnc
_2rdacarrier